Loading...
| Fine Arts - Auditory Fine Arts | 5 | 18.00 | 100% | 60% | 20% |
| Fine Arts - Other Fine Arts | 2 | 20.00 | 100% | 100% | 0% |
| Fine Arts - Visual Fine Arts | 6 | 10.00 | 67% | 33% | 0% |
| Geography | 2 | 15.00 | 100% | 50% | 0% |
| History - American History | 4 | 15.00 | 100% | 50% | 0% |
| History - European History | 3 | 13.33 | 67% | 67% | 0% |
| History - Other History | 4 | 12.50 | 100% | 0% | 25% |
| History - World History | 4 | 25.00 | 175% | 75% | 0% |
| Literature - American Literature | 2 | 15.00 | 100% | 0% | 50% |
| Literature - British Literature | 6 | 8.33 | 83% | 0% | 0% |
| Literature - European Literature | 3 | 13.33 | 100% | 33% | 0% |
| Literature - World Literature | 3 | 10.00 | 100% | 0% | 0% |
| Mythology | 4 | 17.50 | 100% | 50% | 25% |
| Philosophy | 3 | 6.67 | 67% | 0% | 0% |
| Pop Culture | 3 | 6.67 | 67% | 0% | 0% |
| Religion | 4 | 12.50 | 100% | 25% | 0% |
| Science - Biology | 4 | 10.00 | 25% | 50% | 25% |
| Science - Chemistry | 6 | 6.67 | 50% | 17% | 0% |
| Science - Other Science | 3 | 6.67 | 33% | 33% | 0% |
| Science - Physics | 4 | 10.00 | 100% | 0% | 0% |
| Social Science | 4 | 12.50 | 100% | 25% | 0% |